Η άλγεβρα Lie g2 : πτυχιακή εργασία
Μελέτη του συνόλου των παραγωγίσεων των οκτονίων αριθμών άς άλγεβρα Lie
Αποθηκεύτηκε σε:
| Κύριος συγγραφέας: | |
|---|---|
| Συγγραφή απο Οργανισμό/Αρχή: | |
| Μορφή: | Thesis Βιβλίο |
| Γλώσσα: | Greek |
| Δημοσίευση: |
2009.
|
| Θέματα: | |
| Διαθέσιμο Online: | http://hdl.handle.net/11610/8004 |
| Ετικέτες: |
Προσθήκη ετικέτας
Δεν υπάρχουν, Καταχωρήστε ετικέτα πρώτοι!
|
MARC
| LEADER | 00000cam a2200000 i 4500 | ||
|---|---|---|---|
| 001 | 1/1494 | ||
| 008 | 090914s2009 gr | ||| |||| ||gre|| | ||
| 035 | |l 10105617 | ||
| 040 | |a GR-MyUa |b gre |e AACR2 | ||
| 041 | 0 | |a gre | |
| 082 | 7 | |a 512.55 |2 (22) | |
| 100 | 1 | |a Ροκοφύλλου, Μαριάνθη. | |
| 245 | 1 | 2 | |a Η άλγεβρα Lie g2 : |b πτυχιακή εργασία / |c Μαριάνη Ροκοφύλλου ; επιβλέπων καθηγητής, Νικόλαος Παπαλεξίου. |
| 260 | |c 2009. | ||
| 300 | |a iv, 71 σ. : |b πιν. ; |c 30 εκ. | ||
| 500 | |a Μέλη της εξεταστικής επιτροπής: Ν. Παπαλεξίου, Π. Λάμπρου, Χ. Νικολόπουλος. | ||
| 502 | |a Πτυχιακή εργασία – Πανεπιστήμιο Αιγαίου, Σάμος, 2009. | ||
| 504 | |a Βιβλιογραφία: σ. 71. | ||
| 506 | 0 | |a Διάθεση πλήρους κειμένου - Ελεύθερη πρόσβαση. | |
| 520 | |a Μελέτη του συνόλου των παραγωγίσεων των οκτονίων αριθμών άς άλγεβρα Lie | ||
| 610 | 2 | 0 | |a University of the Aegean |x Dissertations. |
| 650 | 0 | 0 | |a Lie algebras. |
| 650 | 0 | 0 | |a Dissertations, Academic |z Greece. |
| 700 | 1 | |a Παπαλεξίου, Νίκος, |e dgs | |
| 710 | 2 | |a Πανεπιστήμιο Αιγαίου. |b Σχολή Θετικών Επιστημών. |b Τμήμα Μαθηματικών. | |
| 852 | |a INST |b SAMOS |c DIATR |e 20090914 |h 512.55 ΡΟΚ |p 005300031205 |q 005300031205 |t DIE |y 23 | ||
| 852 | |a INST |b SAMOS |c DIATR |e 20090914 |h 512.55 ΡΟΚ |p 005300031206 |q 005300031206 |t DIE |y 23 | ||
| 856 | |u http://hdl.handle.net/11610/8004 | ||
| 901 | |a BIBL3-2009-3 | ||
| 924 | |a Ροκοφύλλου |b Μαριάνθη |y Σάμος |z 2009-06 | ||
| 970 | |a ΚΟΣΙΕΡΗΣ |b ΧΡΗΣΤΟΣ |z 2009/09/14 | ||